000 00785cab a2200205 4500
001 L136649
008 070213n2007 000 0 eng u
035 _a(Sirsi) u136649
041 0 _aeng
100 1 _aField, Duncan
245 0 0 _aIt's all up in the air
260 _c2007
490 0 0 _aEstates Gazette
_v(0706) 10 February 2007, 156-158(3)
520 _aExamines the conflict between the UK government initiatives on climate change and aspirations for economic growth, focusing on the Stansted Airport application to increase annual passenger numbers.
590 _aKA
650 2 4 _aSTERN REVIEW ON THE ECONOMICS OF CLIMATE CHANGE
651 4 _aEngland and Wales
_y1543-
690 _aENVIRONMENTAL AND LAND CONSULTANCY-SUSTAINABILITY-SUSTAINABLE DEVELOPMENT
942 _n0
999 _c78393
_d78393